Tvorba účtovného rozvrhu - najčastejšie otázky

Guardado en:
Detalles Bibliográficos
Autor principal: Kubaščíková, Zuzana, 1982-
Formato: Capítulo de libro
Lenguaje:eslovaco
Materias:
Etiquetas: Agregar Etiqueta
Sin Etiquetas, Sea el primero en etiquetar este registro!

MARC

LEADER 00000naa a2200000 4500
001 0173630
005 20240502072946.6
041 0 |a slo 
044 |a SK 
245 1 0 |a Tvorba účtovného rozvrhu - najčastejšie otázky  |c Zuzana Kubaščíková 
610 2 0 |a účty analytické 
610 2 0 |a účty syntetické 
610 2 0 |a osnova účtová 
610 2 0 |a rozvrh účtový 
100 1 |a Kubaščíková, Zuzana, 1982-